2022 NBA Draft Big Board - Statistics

General Stats
  • This quiz has been taken 58 times
  • The average score is 13 of 100
Answer Stats
# Player Team % Correct
2 Paolo Banchero Duke
84%
1 Chet Holmgren Gonzaga
80%
10 Jabari Smith Auburn
69%
5 Jaden Ivey Purdue
64%
4 Jalen Duren Memphis
56%
45 Johnny Juzang UCLA
42%
42 Marcus Williams Texas A&M
40%
24 Mark Williams Duke
40%
3 Jaden Hardy G League Ignite
38%
13 A.J. Griffin Duke
33%
11 Bennedict Mathurin Arizona
33%
86 Trayce Jackson-Davis Indiana
33%
33 Dyson Daniels G League Ignite
31%
8 Caleb Houstan Michigan
27%
46 DeVante' Jones Michigan
27%
21 Andre Jackson Connecticut
24%
23 TyTy Washington Kentucky
24%
6 JD Davison Alabama
22%
14 Bryce McGowens Nebraska
20%
80 Drew Timme Gonzaga
20%
87 Hunter Dickinson Michigan
20%
95 Justin Moore Villanova
20%
44 Kendall Brown Baylor
20%
26 MarJon Beauchamp G League Ignite
20%
7 Peyton Watson UCLA
20%
32 Jaime Jaquez UCLA
18%
30 Kennedy Chandler Tennessee
18%
17 Nikola Jović KK Mega Basket
18%
16 Patrick Baldwin Milwaukee
18%
52 Walker Kessler Auburn
18%
94 AJ Green Northern Iowa
16%
54 Caleb Love North Carolina
16%
100 Christian Braun Kansas
16%
37 Max Christie Michigan State
16%
43 Ochai Agbaji Kansas
16%
90 Keion Brooks Kentucky
13%
19 Michael Foster G League Ignite
13%
84 Moussa Diabate Michigan
13%
83 CJ Walker UCF
11%
15 Daimion Collins Kentucky
11%
61 Frankie Collins Michigan
11%
12 Jabari Walker Colorado
11%
55 Jean Montero Overtime Elite
11%
25 Ousmane Dieng New Zealand Breakers
11%
31 Marcus Bagley Arizona State
9%
68 Matthew Mayer Baylor
9%
96 Adam Miller LSU
7%
81 Andrew Nembhard Gonzaga
7%
97 Courtney Ramey Texas
7%
79 Gabriele Procida Fortitudo Bologna
7%
9 Josh Minott Memphis
7%
20 Matthew Cleveland Florida State
7%
49 Terrence Shannon Texas Tech
7%
82 Christian Bishop Texas
4%
36 Hunter Sallis Gonzaga
4%
73 Isaiah Wong Miami
4%
75 Iverson Molinar Mississippi State
4%
70 Keve Aluma Virginia Tech
4%
92 Mike Miles TCU
4%
50 Roko Prkačin KK Cibona
4%
29 Taevion Kinsey Marshall
4%
63 Tyson Etienne Wichita State
4%
57 Will Richardson Oregon
4%
56 Yannick Nzosa Baloncesto Málaga
4%
39 Agustín Ubal FC Barcelona Bàsquet B
2%
88 Ariel Hukporti Melbourne United
2%
91 Darius McGhee Liberty
2%
69 Dawson Garcia North Carolina
2%
18 Ian Martinez Maryland
2%
98 Ismaël Kamagate Paris Basketball
2%
27 Justin Powell Tennessee
2%
77 Kalib Boone Oklahoma State
2%
67 Malcolm Cazalon KK Mega Basket
2%
59 Michael Caicedo FC Barcelona Bàsquet
2%
51 Mojave King Adelaide 36ers
2%
85 N'Faly Dante Oregon
2%
48 Tre Mitchell Texas
2%
66 Abramo Canka BC Nevėžis
0%
60 Allen Flanigan Auburn
0%
58 Aminu Mohammed Georgetown
0%
35 Ąžuolas Tubelis Arizona
0%
22 Brandon Huntley-Hatfield Tennessee
0%
34 Bryce Thompson Oklahoma State
0%
28 Carlos Alocén Real Madrid Baloncesto
0%
76 Hason Ward VCU
0%
53 Ibou Dianko Badji Força Lleida CE
0%
47 Jahmir Young Charlotte
0%
41 Jayson Tchicamboud Tours Métropole Basket
0%
64 Kyle Lofton St. Bonaventure
0%
71 Makur Maker Sydney Kings
0%
62 Mario Nakić BC Andorra
0%
93 Matthieu Gauzin Le Mans Sarthe Basket
0%
40 Micah Peavy TCU
0%
99 Moussa Cisse Oklahoma State
0%
89 Nate Laszewski Notre Dame
0%
74 Nikita Mikhailovskii Tasmania JackJumpers
0%
65 Osun Osunniyi St. Bonaventure
0%
72 Ryan Rollins Toledo
0%
78 Toumani Camara Dayton
0%
38 Tristan Vukčević Real Madrid Baloncesto B
0%
No matching quizzes found
Score Distribution
Percent of People with Each Score
Percentile by Number Answered
Your Score History
You have not taken this quiz